000 00491cam a22001097a 4500
008 180718b-- xxu||||| |||| 00| 0 eng d
082 _aL906x5444 U
245 _aReport of the Comptroller and Auditor General of India on urban local bodies [Bangalore (urban) district]
_cby Comptroller and Auditor General of India, Karnataka
260 _aBangalore
_bComptroller and Auditor General of India
_c--
500 _aLibrary has 1998-2002
700 _aKarnataka. Comptroller and Auditor General of India
999 _c491790
_d491790